000 00450nam a22001457a 4500
003 OSt
005 20251030054549.0
008 251030b |||||||| |||| 00| 0 eng d
020 _a9966602800
040 _cPAULINES PUBLICATIONS AFRICA
050 _aBR 118 .M87 2024
245 _aCATHOLIC METHOLOGY AND ETHICS
_bIN WORLD CHURCH AFRICA
_cMURHULA, TOUSSAINT KAFARHIRE
260 _aNAIROBI, KENYA
_bPAULINES PUBLICATIONS AFRICA
_c2024
942 _2lcc
_cBK
_n0
999 _c9730
_d9730